Statistická analýza experimentálních dat

Enregistré dans:
Détails bibliographiques
Auteur principal: Meloun, Milan
Autres auteurs: Militký, Jiří
Format: Livre
Langue:tchèque
Publié: Praha ACADEMIA 2004
Sujets:
Tags: Ajouter un tag
Pas de tags, Soyez le premier à ajouter un tag!

MARC

LEADER 00000nam$a2200000$$$4500
001 0044250
005 20191211125148.1
041 0 |a cze 
044 |a CZ 
245 1 0 |a Statistická analýza experimentálních dat  |c Milan Meloun, Jiří Militký 
264 1 |a Praha  |b ACADEMIA  |c 2004 
300 |a CD-ROM 
610 2 0 |a analýza štatistická 
610 2 0 |a dáta 
610 2 0 |a modely lineárne 
610 2 0 |a modely nelineárne 
610 2 0 |a modely regresné 
610 2 0 |a korelácia 
610 2 0 |a programy počítačové 
100 1 |a Meloun, Milan 
700 1 |a Militký, Jiří